000 00757nam a2200265 a 4500
003 AR-BaBNM
005 20251128210238.0
008 082120s2002 ||||||||||||||000 | spa||
020 _a950-581-803-3
040 _cAR-BaBNM
100 1 _aRosenzvaig, Eduardo
245 0 0 _aLa oruga sobre el pizarrón
_bFrancisco Isauro Arancibia, Maestro
260 _aBuenos Aires
_bEdiciones del Pensamiento Nacional
_c1993
300 _a128 p.
_bláms.
500 _aTestimonios p. 125-126
650 4 _aHISTORIA DE LA EDUCACION
650 4 _aHISTORIA SOCIAL
650 4 _aMAESTROS DE ESCUELA
650 4 _aRELACION ALUMNO-DOCENTE
650 4 _aBIOGRAFIAS
650 4 _aBIOGRAFIAS EDUCACIONALES
651 4 _aArgentina
942 _cBK
998 _cMariana
999 _c14638
_d14638